00704nam a22002055a 450000500170000000800410001701000140005802000260007203500130009803700150011104000180012608200110014410000220015524500970017726000800027427000510035430000230040550000510042865000190047920090713134912.0090309s2007 ii b 001 0 eng  aENG-94404 a9788185002941c750.00 aEN-77937 bDBAD / PUB adplbEnglish  a149.97 aOokerjee, Sheryar aHuman reason and its enemies :ba rigorous critique of postmodernism /cby Sheryar Ookerjee. aNew Delhi bPromilla & Co. in association with Bibliophile South Asiac2009 aC-127, Sarvodaya Enclave, bNew Delhi e110017 a370 p. ;c23cm(Hb) aIncludes bibliographical references and index. aPostmodernism.